ბათუმის შოთა რუსთაველის სახელმწიფო უნივერსიტეტის ბიბლიოთეკა

The Smaller Garden.Planning & Planting (ბიბ.ჩანაწერი № 47425)

000 -LEADER
fixed length control field 00479nam a2200205Ia 4500
001 - CONTROL NUMBER
control field 14287
003 - CONTROL NUMBER IDENTIFIER
control field GE_BSU
008 - FIXED-LENGTH DATA ELEMENTS--GENERAL INFORMATION
fixed length control field 181216s||||||||xx |||||||||||||| ||und||
020 ## - INTERNATIONAL STANDARD BOOK NUMBER
International Standard Book Number 0002166445
040 ## - CATALOGING SOURCE
Transcribing agency GE_BSU
080 ## - UNIVERSAL DECIMAL CLASSIFICATION NUMBER
Universal Decimal Classification number 635.9
100 ## - MAIN ENTRY--PERSONAL NAME
Personal name Hobhouse,Penelope
245 #4 - TITLE STATEMENT
Title The Smaller Garden.Planning & Planting
260 ## - PUBLICATION, DISTRIBUTION, ETC.
Place of publication, distribution, etc. London
260 ## - PUBLICATION, DISTRIBUTION, ETC.
Name of publisher, distributor, etc. Collins
260 ## - PUBLICATION, DISTRIBUTION, ETC.
Date of publication, distribution, etc. 1981
300 ## - PHYSICAL DESCRIPTION
Extent 192p.ill.28cm.
653 ## - INDEX TERM--UNCONTROLLED
Uncontrolled term The Smaller Garden.Planning & Planting
942 ## - ADDED ENTRY ELEMENTS (KOHA)
Koha item type წიგნი
ეგზემპლარები
Withdrawn status Lost status Damaged status Not for loan Date acquired Barcode Date last seen Price effective from Koha item type
        2018-12-17 37594 2018-12-17 2018-12-17 წიგნი